000 00478pab a2200181 454500
008 180718b2011 xxu||||| |||| 00| 0 eng d
100 _aZyglidopoulos, Stelios
245 _aCorporate accountability and the politics of visibility in `late modernity'
260 _c2011
300 _ap.691-706.
362 _aSep
650 _aSocial responsibility
650 _aCorporate culture
700 _aFleming, Peter
773 _aOrganization
908 _aN
909 _a93730
999 _c93730
_d93730